书目信息 |
| 题名: |
国际贸易地理
|
|
| 作者: | 王凯 著 | |
| 分册: | ||
| 出版信息: | 北京 清华大学出版社 2017 |
|
| 页数: | 431页 | |
| 开本: | 26cm | |
| 丛书名: | ||
| 单 册: | ||
| 中图分类: | F742 | |
| 科图分类: | ||
| 主题词: | 国际贸易--guo ji mao yi--商业地理--教材 | |
| 电子资源: | ||
| ISBN: | 978-7-302-47066-3 | |
| 000 | 01145nam0 2200253 450 | |
| 001 | 2159531984 | |
| 005 | 20211011172912.0 | |
| 010 | @a978-7-302-47066-3@dCNY49.00 | |
| 100 | @a20191217e20192017em y0chiy50 ea | |
| 101 | 0 | @achi |
| 102 | @aCN@b110000 | |
| 105 | @ay z 000yy | |
| 106 | @ar | |
| 200 | 1 | @a国际贸易地理@Aguo ji mao yi di li@dInternational trade geography@f王凯著@zeng |
| 210 | @a北京@c清华大学出版社@d2017@h2019.12重印 | |
| 215 | @a431页@d26cm | |
| 300 | @a21世纪经济管理精品教材 国际贸易系列 | |
| 330 | @a本书共八章,其中前五章是关于国际贸易地理的总论,后三章为国别贸易地理。总论部分主要包括影响国际贸易的自然地理环境和人文地理环境、国际贸易运输、世界三次产业的生产布局与贸易格局、世界区域经济贸易集团。国别贸易地理介绍主要经济体的经济贸易状况,分为三部分:一是包括美、日、德、英、法在内的发达的经贸大国;二是涵盖俄罗斯、印度、巴西、南非的金砖国家;三是主要的新兴市场国家和地区。 | |
| 510 | 1 | @aInternational trade geography@zeng |
| 606 | 0 | @a国际贸易@Aguo ji mao yi@x商业地理@j教材 |
| 690 | @aF742@v5 | |
| 701 | 0 | @a王凯@Awang kai@c(营销学)@4著 |
| 801 | 0 | @aCN@b百万庄@c20211009 |
| 905 | @b1308252-55@dF742@e213@f4 | |
| 国际贸易地理=International trade geography/王凯著.-北京:清华大学出版社,2017(2019.12重印) |
| 431页;26cm |
| 21世纪经济管理精品教材 国际贸易系列 |
| ISBN 978-7-302-47066-3:CNY49.00 |
| 本书共八章,其中前五章是关于国际贸易地理的总论,后三章为国别贸易地理。总论部分主要包括影响国际贸易的自然地理环境和人文地理环境、国际贸易运输、世界三次产业的生产布局与贸易格局、世界区域经济贸易集团。国别贸易地理介绍主要经济体的经济贸易状况,分为三部分:一是包括美、日、德、英、法在内的发达的经贸大国;二是涵盖俄罗斯、印度、巴西、南非的金砖国家;三是主要的新兴市场国家和地区。 |
| ● |
| 相关链接 |
|
|
|
|
正题名:国际贸易地理
索取号:F742/213
 
预约/预借
| 序号 | 登录号 | 条形码 | 馆藏地/架位号 | 状态 | 备注 |
| 1 | 1308252 | 213082527 | 第一样本阅览室/ [索取号:F742/213] | 在馆 | |
| 2 | 1308253 | 213082536 | 第一借阅区/ [索取号:F742/213] | 在馆 | |
| 3 | 1308254 | 213082545 | 第一借阅区/ [索取号:F742/213] | 在馆 | |
| 4 | 1308255 | 213082554 | 第一借阅区/ [索取号:F742/213] | 在馆 |